KOD 2024. Book of abstracts : 12th International Conference on Machine and Industrial Design in Mechanical Engineering, 23-26 May 2024, Balatonfüred, Hungary

Saved in:
Bibliographic Details
Corporate Author: International Conference on Machine and Industrial Design in Mechanical Engineering Balatonfüred, Hungary
Format: Conference Proceeding Book
Language:English
Published: Novi Sad : University of Novi Sad, 2024
Edition:1. vyyd.
Tags: Add Tag
No Tags, Be the first to tag this record!

MARC

LEADER 00000nam a22000003a 4500
001 0109575
003 SK-STU
005 20240529092420.3
007 ta
008 240529s ----xo-----e------000-0-----d
020 |a 978-86-6022-339-7 
040 |a STU  |b slo 
041 0 |a eng 
044 |a rb 
111 2 |a International Conference on Machine and Industrial Design in Mechanical Engineering  |n 12th  |d 23. - 26. 05. 2024 :  |c Balatonfüred, Hungary 
245 1 0 |a KOD 2024. Book of abstracts :  |b 12th International Conference on Machine and Industrial Design in Mechanical Engineering, 23-26 May 2024, Balatonfüred, Hungary 
250 |a 1. vyyd. 
260 |a Novi Sad :  |b University of Novi Sad,  |c 2024 
300 |a 214 s. 
996 |b 284M089668  |c M* Z-4500  |l MMKN  |s A  |a 24  |w 0109575_0001